Un'americana a Parigi /

Elinor Rigby è un'autrice da scoprire e riscoprire: divertente, irriverente e trasformista, nella sua lunga vita rappresenta il mondo delle donne e degli amori tra donne in una serie di quadri ambientati in varie epoche, dalla Parigi degli anni Venti popolata da esilaranti figure di artiste, giornal...

ver descrição completa

Na minha lista:
Detalhes bibliográficos
Autor principal: Giacobino, Margherita (Author)
Formato: Livro
Idioma:Língua italiana
Publicado em: Milano : Baldini & Castoldi, [1993]
Colecção:Le formiche ; 16
Tags: Adicionar Tag
Sem tags, seja o primeiro a adicionar uma tag!

MARC

LEADER 00000nam a22000007i 4500
001 IT\ICCU\LO1\0311260
003 ItRI
005 20260115231945.0
008 930920s1993 it |||||| ||||| |||||c
020 |a 888598889X 
040 |b ita  |c importazione bologna sebina 
041 7 |a ita  |2 ISO-639-2 
082 |a 813.54  |9 NARRATIVA AMERICANA IN LINGUA INGLESE. 1945-  |2 19 
100 1 |a Giacobino, Margherita  |0 IT\ICCU\CFIV\137755  |4 aut 
245 1 3 |a Un'americana a Parigi /  |c Elinor Rigby. 
260 |a Milano :  |b Baldini & Castoldi,  |c [1993] 
300 |a 184 p. ;  |c 22 cm 
500 |a Scelta di racconti 
500 |a Trad. di Margherita Giacobino 
520 |a Elinor Rigby è un'autrice da scoprire e riscoprire: divertente, irriverente e trasformista, nella sua lunga vita rappresenta il mondo delle donne e degli amori tra donne in una serie di quadri ambientati in varie epoche, dalla Parigi degli anni Venti popolata da esilaranti figure di artiste, giornaliste e scrittrici americane e inglesi, all'inquieta New York degli anni Sessanta, fino ai drammatici scenari di guerra della fine del Novecento, in cui nuove amazzoni imbracciano il fucile.L'autrice - lei stessa una creazione letteraria, al pari delle sue protagoniste - usa tutti gli strumenti dello humor per raccontare storie inventate, ma non troppo, che ci fanno ridere o sorridere ma anche pensare. Come ha affermato Carmen Covito: "Esilarante e nello stesso tempo raffinato, questo piccolo libro dimostra che un umorismo manovrato abilmente può colpire nel segno della realtà molto più del realismo vecchio stile."Un'Americana a Parigi ha creato un caso letterario alla sua apparizione, nel 1993, è stato pubblicato in tascabile e ha avuto un notevole successo anche in Germania.Edizione nuovissima, rivista dall'autrice e arricchita del racconto "Piccole Donne Uccidono". 
790 1 |a Rigby, Elinor  |3 IT\ICCU\SBNV\055059  |z Giacobino, Margherita 
830 3 |a Le formiche ;  |v 16  |0 IT\ICCU\RAV\0184898 
942 |2 ddc  |c BK  |n 0 
952 |0 0  |1 0  |4 0  |6 L_853_914000000000000_RIG  |7 0  |9 17799  |a BO  |b BO  |d 2026-01-15  |i 8552  |l 0  |o L 853.914 RIG  |p BO8552  |r 2026-01-15 23:19:45  |w 2026-01-15  |x [Sebina 5] [1 v.]  |y BK  |z 1 v. 
999 |c 15140  |d 15140